000 00449nam a22001577a 4500
005 20260303123822.0
008 260303b |||||||| |||| 00| 0 eng d
020 _a978 9966 57 572 2
050 _aPE 1128.S66 2025 V.10
100 _aKAMAU, LUCY
245 _aSPOTLIGHT ENGLISH LEARNERS BOOK
260 _aNAIROBI,KENYA
_bSPOTLIGHT PUBLISHERS
_c2025
650 _aENGLISH TEXTBOOK
700 _aADHOCH STEPHEN,WANGUSI EZEKIEL
942 _2lcc
_cBK
999 _c216764
_d216764